WWE No Way Out PPV Title Winners - Statistics

General Stats
  • This quiz has been taken 27 times
  • The average score is 13 of 15
Answer Stats
Year Title Won Wrestler % Correct
2009 WWE Championship Triple H
100%
2004 WWE Championship Eddie Guerrero
95%
2005 WWE Tag Team Eddie Guerrero
95%
2009 World Heavyweight Edge
95%
2000 Intercontinental Kurt Angle
95%
2001 WWF Championship The Rock
95%
2000 WWF Tag Team Bubba Ray Dudley
90%
2004 Cruiserweight Chavo Guerrero
90%
2005 Cruiserweight Chavo Guerrero
90%
2007 Cruiserweight Chavo Guerrero
90%
2000 WWF Tag Team D-Von Dudley
90%
2005 WWE Tag Team Rey Mysterio
90%
2006 United States Chris Benoit
80%
2003 Cruiserweight Matt Hardy
80%
2001 Hardcore The Big Show
55%
No matching quizzes found
Score Distribution
Percent of People with Each Score
Percentile by Number Answered
Your Score History
You have not taken this quiz